| 000 | 00352nam a2200145Ia 4500 | ||
|---|---|---|---|
| 005 | 20251222144843.0 | ||
| 008 | 251222s9999||||xx |||||||||||||| ||spa|| | ||
| 020 | _a84-7829-075-3 | ||
| 082 | _a005.74/C76 | ||
| 100 | _aConnolly, Thomas M. | ||
| 245 | 0 | _aSistemas de bases de datos: | |
| 250 | _a4a.ed. | ||
| 264 | _bPearson Educación | ||
| 942 | _cLIB | ||
| 999 |
_c21320 _d21320 |
||